000 00338nam a2200133Ia 4500
005 20260328101515.0
008 260328s9999||||xx |||||||||||||| ||und||
100 _aKandinsky, Vasili
245 0 _aPunto y Línea sobre el Plano /
_cVasili Kandinsky
260 _bNueva Visión
300 _a178 p.
650 _aARTE ARGENTINO
942 _cBK
999 _c9347
_d9347